| 000 | 00443nam a22001697a 4500 | ||
|---|---|---|---|
| 003 | NUST - PNEC | ||
| 005 | 20170116181133.0 | ||
| 008 | 151006b xxu||||| |||| 00| 0 eng d | ||
| 040 | _cLIBRARY | ||
| 082 | _a621.902 BLA | ||
| 100 |
_913333 _aBlack, Perry O. |
||
| 245 |
_aAudels machinists library: toolmakers handy book _cPerry O.Black |
||
| 250 | _a2nd ed. | ||
| 260 | _cc1965 | ||
| 650 |
_911528 _aMachine-tools _xME |
||
| 942 |
_2ddc _cBK |
||
| 999 |
_c70067 _d70067 |
||